Strings of Letters #4 - Statistics

General Stats
  • This quiz has been taken 61 times
  • The average score is 12 of 30
Answer Stats
Hint Answer % Correct
ing Not plural Singular
94%
ing Digit attached to one’s upper limb Finger
87%
nde Bras, panties, boxers or briefs, e.g. Underwear
79%
has To buy Purchase
74%
tio Across the whole country Nationwide
70%
ing A redhead, in the UK Ginger
68%
nce More than a stranger, but less than a friend Acquaintance
64%
ion A magic one can make someone fall in love with you Potion
62%
tio Applause Ovation
55%
has To go over (and over) again Rehash
53%
tio Office and school supplies Stationery
51%
ing Threads twisted together into a cord String
45%
has Being too hurried Hasty
43%
tio On purpose Intentional
38%
nde Truly; in fact; actually Indeed
34%
ing Outside the mainstream Fringe
32%
nde One who establishes, e.g., a country or a company Founder
28%
ion Someone with creative ideas about the future Visionary
28%
has To stress or to give extra weight to Emphasize
26%
ion Fired with intense feeling Passionate
23%
has Horrifyingly shocking Ghastly
21%
nde To try Endeavor
17%
nce To hide Conceal
15%
nce More difficult, elaborate or specialized Advanced
13%
nce An abstract and general idea Concept
13%
tio Drunkenness, inebriation Intoxication
11%
nce That which motivates or encourages Incentive
9%
ion To prepare the way for others to follow Pioneer
9%
ion Rebellion or civil disorder Sedition
2%
nde Lacking mental capacity Simpleminded
0%
No matching quizzes found
Score Distribution
Percent of People with Each Score
Percentile by Number Answered
Your Score History
You have not taken this quiz